| 000 | 01103cam a2200301 a 4500 | ||
|---|---|---|---|
| 001 | 4945383 | ||
| 005 | 20201128013522.0 | ||
| 008 | 960903s1997 flua b 001 0 eng | ||
| 010 | _a 96035232 | ||
| 020 | _a9783527405404 | ||
| 040 |
_aDLC _cDLC _dDLC |
||
| 050 | 0 | 0 |
_aTA418.9.C7 _bO74 1997 |
| 082 | 0 | 0 |
_a620.11797 _220 _bSCH |
| 100 |
_92108 _aSchwoerer, Markus |
||
| 245 | 0 | 0 |
_aOrganic molecular solids/ _cMarkus Schwoerer & Hans Christoph Wolf |
| 260 |
_aWeinheim : _bWiley-VCH Verlag, _c2007 |
||
| 300 |
_a427 p. : _bill. ; _c25 cm. |
||
| 500 | _aTranslated from the German by William D. Brewer | ||
| 504 | _aIncludes bibliographical references and index. | ||
| 650 | 0 | _aCrystals. | |
| 650 | 0 | _aOrganic compounds. | |
| 650 | 0 | _aMolecular crystals. | |
| 650 | 0 | _aPhysical organic chemistry. | |
| 700 | 1 |
_aWolf, Hans Christoph _92109 |
|
| 856 | 4 | 2 |
_3Publisher description _uhttp://www.loc.gov/catdir/enhancements/fy0744/96035232-d.html |
| 942 |
_2ddc _cBB |
||
| 999 |
_c10820 _d10820 |
||